00297nam a2200109Ia 4500008004100000041001200041100001800053245006100071260003200132300000800164650001500172221030s9999 xx 000 0 und d aEnglish aK. L. Varmani 0aExcellent English Grammar & Compsitioncby K. L. Varmani bVishvas Pub.aChandigarhc0 a192 aBB English